| 000 | 01575nam0a2200349 4500 | ||
|---|---|---|---|
| 001 | RU\NLR\bibl\475564 | ||
| 005 | 20260607065748.0 | ||
| 010 |
_a5-353-00680-1 _910000 |
||
| 021 |
_aRU _b2003-63910 _93138 |
||
| 035 | _a(NLR Aleph) 000468589 | ||
| 090 |
_a979144 _c979144 |
||
| 100 | _a20031224d2003 |||y0rusy50 ca | ||
| 101 | 0 | _arus | |
| 102 | _aRU | ||
| 105 | _aa ||||||||| | ||
| 200 | 1 |
_aРечь и мышление _eРабочая тетр. + лото _e[Для дошк. возраста _eДля чтения взрослями детям _fГаврина С.Е., Кутявина Н.Л., Топоркова И.Г., Щербинина С.В.] |
|
| 210 |
_aМ. _cРосмэн-Пресс _cРосмэн _d2003 |
||
| 215 |
_a[20] с. _cцв. ил. _d26 |
||
| 225 | 1 |
_aРазвитие ребенка _e3-4 года |
|
| 300 | _aАвт. указаны в вып. дан. | ||
| 686 | _aШ992.5 | ||
| 701 | 1 |
_4070 _7ca _8rus _aГаврина _bС. Е. _gСветлана Евгеньевна _91268 _3RU\NLR\auth\7718186 |
|
| 701 | 1 |
_4070 _7ca _8rus _aКутявина _bН. Л. _gНаталья Леонидовна _928563 _3RU\NLR\auth\7745627 |
|
| 701 | 1 |
_4070 _7ca _8rus _aТопоркова _bИ. Г. _gИрина Геннадьевна _928564 _3RU\NLR\auth\7745628 |
|
| 701 | 1 |
_4070 _7ca _8rus _aЩербинина _bС. В. _gСветлана Владимировна _928565 _3RU\NLR\auth\7745629 |
|
| 801 | 0 |
_aRU _bNLR _c20031224 _gPSBO |
|
| 801 | 1 |
_aRU _bNLR _c20031224 |
|
| 830 | _aАвт. по кн. | ||
| 942 | _cBOOK | ||
| 980 | _aNB | ||